| 000 | 00855nam a2200241 a 4500 | ||
|---|---|---|---|
| 001 | 000023629 | ||
| 005 | 20200930022348.0 | ||
| 008 | 101215s1995 mx r 000 0 spa d | ||
| 020 | _a9706370307 | ||
| 040 |
_aDO-SdBNP _bspa _cBNPHU |
||
| 041 | 1 | 7 |
_aspa _heng _2Código de idiomas MARC |
| 082 |
_annnn _bW827s |
||
| 100 | 1 |
_aWitt, Elder, _948694 |
|
| 240 | 1 | 4 |
_aThe supreme court and individual rights. _lEspañol. |
| 245 | 1 | 3 |
_aLa suprema corte de justicia y de los derechos individuales / _cElder Witt ; traducción de Ana Isabel Stellino. |
| 260 |
_aMéxico : _bGernika, _c1995. |
||
| 300 |
_a421 p. ; _c28 cm. |
||
| 490 | 1 |
_aCiencias políticas _v30 |
|
| 534 |
_pTítulo original en inglés: _tThe supreme court and individual rights. |
||
| 700 | 1 |
_aStellino, Ana Isabel, _etr. _96685 |
|
| 830 | 0 |
_aCiencias políticas , _v30 _948695 |
|
| 049 | _aBNGR | ||
| 999 |
_c23125 _d23125 |
||